Responses for Show #6697 - Tuesday, October 29, 2013

Contestants

[<< previous game]

Marge Lindblom, a lawyer from Larchmont, New York

Sean Kram, a barista from Edmonds, Washington

Molly Kossoff, a beauty-industry magazine editor from West Hills, California (whose 1-day cash winnings total $11,100)

[next game >>]

Jeopardy! Round responses

NATIONAL BOOK AWARD WINNERS
FAST FOOD PLACES
"UGA"
CHUCK A...
I CAN'T STOP THIS FEELING
DEEP INSIDE OF ME
    $200 30
Sophie's Choice

Molly
    $200 22
McDonald's

Sean
    $200 6
frugal

Molly
    $200 4
a boomerang

Molly
    $200 10
matza

Molly
    $200 17
the intestine

Sean
    $400 7
[ERRATUM: "Commercial" was misspelled as "commerical" in the clue as shown.]

Mumbai

Molly
    $400 23
Subway

Sean
    $400 5
[Marge laughs at the response.]
(Alex: Yes And the way you're smi--you didn't--no--I don't want to know if you did.)
[Laughter]

the Cougar Cruise

Marge
    $400 12
walks

Sean
    $400 11
Candy Land

Sean
    $400 18
the jugular

Marge
    $600 8
Tom Wolfe

Triple Stumper
    $600 24
Burger King

Marge
    $600 1
Portugal

Molly
    $600 13
(Molly: What is a discus?)

a shotput

MollySean
    $600 15
a Tasmanian devil

Sean
    $600 19
the Achilles tendon

Sean
    $800 9
Lyndon Baines Johnson

Marge
    $800 28
KFC

Sean
    $800 2
sugarcoat

Molly
    $800 14
(Marge: What are the Scottish Games?)

the Highland Games

MollyMarge
    $800 25
Kuala Lumpur

Molly
    $1,200 20
the pancreas

Sean
    $1000 27
Philip Roth

Marge
    $1000 29
Pizza Hut

Molly
    $1000 3
centrifugal

Marge
    $1000 16
a horseshoe

Sean
    $1000 26
Zubaz

Triple Stumper
    $1000 21
the Eustachian tube

Sean

Scores at the first commercial break (after clue 15):

Molly Sean Marge
$2,600 $2,000 $1,400

Scores at the end of the Jeopardy! Round:

Molly Sean Marge
$4,600 $7,400 $3,400

Double Jeopardy! Round responses

GNOME, SWEET GNOME
MANNED SPACE FLIGHT
THE NEW YORK TIMES ALL THE NEWS THAT'S FIT TO CLICK
RIDING ON THE METRO
PLANT THE FLAG
STRANGE RHYMES
(Alex: As a matter of fact, each correct response will rhyme with "strange".)
    $400 18
rubbing noses

Molly
    $400 21
Skylab

Triple Stumper
    $400 1
gay marriage

Sean
    $400 13
the "L"

Molly
    $400 8
Canada

Sean
    $400 7
a range

Marge
    $800 19
Travelocity

Molly
    $800 22
(Marge: What is Apollo 7?)

the Mercury program (the Mercury seven accepted)

SeanMarge
    $800 2
House of Cards

Molly
    $800 14
Los Angeles

Sean
    $800 9
Haiti

Molly
    $800 3
derange

Molly
    $1200 20
Gnomeo and Juliet

Sean
    $2,500 23
the Eagle

Sean
    $1200 26
Yahoo!

Molly
    $1200 15
the BART

Molly
    $1200 10
Sri Lanka

Marge
    $1200 4
mange

Molly
    $1600 28
(Upton) Sinclair

Sean
    $1600 24
Apollo 13

Sean
    $1600 16
Boston

Marge
    $1600 11
Belize

Marge
    $1600 5
a post exchange

Marge
    $2000 27
Chia Pets

Molly
    $2000 25
(Alex: We have less than a minute, now.)

Valentina Tereshkova

Triple Stumper
    $2000 29
(Marge: Um... This is terrible. Who is--he's from Minnesota and the Minnesota Twins. And I am totally blanking on his name.)
(Alex: And you took about fif--you took about 15 seconds to tell us that, and as a result, it cost you $2,000. [*]--)
(Marge: Of course.)
(Alex: --was the Supreme Court justice.)
(Marge: Totally embarrassing.)
[The end-of-round signal sounds.]

Harry Blackmun

Marge
Triple Stumper
    $2,000 17
the "A" train

Marge
    $2000 12
Mexico

Triple Stumper
    $2000 6
the Grange

Marge

Scores at the end of the Double Jeopardy! Round:

Molly Sean Marge
$14,200 $16,700 $11,000

[wagering suggestions for these scores]

Final Jeopardy! Round responses

MOVIE COMEDIES
(Alex: [To Molly] Bill Murray was the star. Yes, indeed, a great comedy.)
MargeWhat is Franken
$4,000
MollyWhat is Groundhog Day
$12,000
SeanWhat is Groundhog Day?
$11,701
Groundhog Day

Final scores:

Molly Sean Marge
$26,200 $28,401 $7,000
2nd place: $2,000 New champion: $28,401 3rd place: $1,000

Game dynamics:

Coryat scores:

Molly Sean Marge
$14,200 $15,000 $11,000
20 R,
1 W
20 R
(including 2 DDs),
0 W
13 R
(including 1 DD),
3 W

Combined Coryat: $40,200

[game clues] [game scores] [suggest correction]

Game tape date: 2013-09-16
The J! Archive is created by fans, for fans. Scraping, republication, monetization, and malicious use prohibited; this site may use cookies and collect identifying information. See terms. The Jeopardy! game show and all elements thereof, including but not limited to copyright and trademark thereto, are the property of Jeopardy Productions, Inc. and are protected under law. This website is not affiliated with, sponsored by, or operated by Jeopardy Productions, Inc. Join the discussion at JBoard.tv.